000 03107cam a2200517Mi 4500
003 PHURS
005 20221125083348.0
008 170828t20172017aca ob 000 0 eng
040 _aAU@
_beng
_erda
_epn
_cAU@
_dOCLCF
_dOCLCO
_dANV
_dEBLCP
_dYDX
_dJSTOR
_dMERUC
_dLND
_dLOA
_dU3W
_dCEF
_dVT2
_dVTS
_dOCLCQ
_dOCLCO
_dICN
_dMERER
_dINT
_dERL
_dWYU
_dOCLCQ
_dOCLCO
_dLVT
_dOCLCQ
_dOCLCO
_dC6I
_dOCLCQ
_dOCLCO
_dOCLCQ
_dOCLCO
_dOCLCQ
_dN$T
_dOCLCO
020 _a9781760461560
_q(electronic bk.)
020 _a1760461563
_q(electronic bk.)
020 _z9781760461553
_q(paperback)
020 _z1760461555
_q(paperback)
050 4 _aJQ4040
_b.M66 2017
100 1 _aMoore, Cameron,
_eauthor.
245 1 0 _aCrown and sword :
_bexecutive power and the use of force by the Australian Defence Force /
_cCameron Moore.
264 1 _aCanberra, A.C.T. :
_bANU Press,
_c2017.
264 4 _c©2017
300 _a1 online resource (ix, 354 pages)
336 _atext
_btxt
_2rdacontent
337 _acomputer
_bc
_2rdamedia
338 _aonline resource
_bcr
_2rdacarrier
520 1 _aThe Australian Defence Force, together with military forces from a number of western democracies, have for some years been seeking out and killing Islamic militants in Iraq, Syria and Afghanistan, detaining asylum seekers for periods at sea or running the judicial systems of failed states. It has also been ready to conduct internal security operations at home. The domestic legal authority cited for this is often the poorly understood concept of executive power, which is power that derives from executive and not parliamentary authority. In an age of legality where parliamentary statutes govern action by public officials in the finest detail, it is striking that these extreme exercises of the use of force often rely upon an elusive legal basis. This book seeks to find the limits to the exercise of this extraordinary power.
505 0 _aWhat is Executive Power -- The Australian Defence Force within the Executive -- Martial Law -- Internal Security -- War -- External Security.
504 _aIncludes bibliographical references (pages 313-354).
590 _aJSTOR
_bBooks at JSTOR Open Access
610 1 0 _aAustralia.
_bDepartment of Defence.
_0http://id.loc.gov/authorities/names/n81080230
610 1 7 _aAustralia.
_bDepartment of Defence.
_2fast
_0(OCoLC)fst01800574
650 0 _aExecutive power
_zAustralia.
650 0 _aInternal security
_zAustralia.
651 0 _aAustralia
_xArmed Forces.
650 6 _aPouvoir exécutif
_zAustralie.
650 6 _aSûreté de l'État
_zAustralie.
650 7 _aLAW
_xMilitary.
650 7 _aArmed Forces.
650 7 _aExecutive power.
650 7 _aInternal security.
651 7 _aAustralia.
653 _aAustralian
655 4 _aElectronic books.
710 2 _aAustralian National University Press.
_0http://id.loc.gov/authorities/names/nb2018017990
776 0 8 _iPrint version:
_aMoore, Cameron.
_tCrown and sword.
_dCanberra, A.C.T. : ANU Press, 2017
_w(DLC) 2018377705
856 4 0 _uhttps://www.jstor.org/stable/10.2307/j.ctt1zgwk12
942 _2lcc
_cE-BOOK
994 _a92
_bPHURS
999 _c57364
_d57364